| 000 | 00915nam a2200277 i 4500 | ||
|---|---|---|---|
| 001 | bg | ||
| 100 | 1 | _aBIJOK, Barbara. | |
| 245 | 1 | 0 |
_aSurowce i technologia żywności. _nCz. 1 / _cBarbara Bijok, Franciszek Bijok. |
| 250 | _aWyd. 6. | ||
| 260 |
_aWarszawa : _bWydawnictwa Szkolne i Pedagogiczne, _c1998. |
||
| 300 |
_a226, [2] s. : _bfot., mapy, rys., 2 wykr. ; _c21 cm. |
||
| 504 | _aBibliogr. s. [228]. | ||
| 521 | _aDla kl. I liceum zawodowego, zawód operator procesów technologicznych przemysłu spożywczego. | ||
| 650 | 9 |
_aŻywność _xtechnologia |
|
| 655 | _aPodręczniki szkolne | ||
| 700 | 1 | _aBIJOK, Franciszek. | |
| 020 | _a8302035440 (cz. 1) | ||
| 020 | _a8302036021 (całość) | ||
| 040 | _cBPK | ||
| 041 | 0 | _apol | |
| 080 | _a664+63](075.3) | ||
| 920 | _a83-02-03544-0 (cz. 1) | ||
| 920 | _a83-02-03602-1 (całość) | ||
| 942 | _cKS | ||
| 008 | s pl f |000 0 pol | ||
| 999 |
_c36193 _d36193 |
||
| 856 |
_uhttp://koha.tu.koszalin.pl/cgi-bin/koha/opac-detail.pl?biblionumber=36193 _yKatalog online BPK |
||